Úvod do právnej informatiky : (učebná pomôcka pre poslucháčov PFUK) /

Hlavní autor: Gregušová, Daniela
Korporativní autor: Univerzita Komenského v Bratislave. Právnická fakulta
Jazyk: Slovenština
Vydáno: Bratislava : Právnická fakulta Univerzity Komenského, 1992
Vydání: 1. vyd.
Edice: Učební texty vysokých škol
Fyzický popis: 141 s.
Knihy
Uloženo v:
LEADER 00959nam a2200265 a 4500
001 000558845
003 CZ BrMZK
005 20000105143423.0
007 ta
008 000105s1992 xo f slo d
040 |a BOA001  |b cze 
080 |a 681.3.06:34(075.8)  |2 MRF 
100 1 |a Gregušová, Daniela  |7 ola2004212058 
245 1 0 |a Úvod do právnej informatiky :  |b (učebná pomôcka pre poslucháčov PFUK) /  |c Daniela Gregušová 
250 |a 1. vyd. 
260 |a Bratislava :  |b Právnická fakulta Univerzity Komenského,  |c 1992 
300 |a 141 s. 
490 1 |a Učební texty vysokých škol 
500 |a Univ. Komenského v Bratislave, fak. práv. 
500 |a Bibliogr. 
710 2 |a Univerzita Komenského v Bratislave.  |b Právnická fakulta  |7 kn20010710362 
830 0 |a Učební texty vysokých škol 
910 |a BOA001  |b 4-0983.470 
990 |a BK 
996 7 |b 2619694801  |c 4-0983.470  |l MZK  |r Sklad / do 1 hodiny  |n 3  |w 000558845  |u 000010  |a 1  |e BOA001  |j MZK50  |s A